Normal view
MARC view
Entry Personal Name
001 - CONTROL NUMBER
- control field: 10783
003 - CONTROL NUMBER IDENTIFIER
- control field: BD-RjUL
005 - DATE AND TIME OF LATEST TRANSACTION
- control field: 20240109145818.0
008 - FIXED-LENGTH DATA ELEMENTS
- fixed length control field: 240109|| aca||aabn | a|a d
040 ## - CATALOGING SOURCE
- Original cataloging agency: BD-RjUL
- Transcribing agency: BD-RjUL
100 ## - HEADING--PERSONAL NAME
- Personal name: Sarker, Labanya Kumar
670 ## - SOURCE DATA FOUND
- Source citation: Work cat.: (BD-RjUL)82583: Sarker, Labanya Kumar, Impact of Social Media on Higher Secondary Students Academic, Social and Health Status in Bangladesh /, 2022